OECD economic surveys: Portugal 2017 february 2017

Gespeichert in:
Bibliographische Detailangaben
Format: Buch
Sprache:Englisch
Veröffentlicht: Paris OECD 2017
Schriftenreihe:OECD economic surveys
Schlagworte:
Tags: Tag hinzufügen
Keine Tags, Fügen Sie das erste Tag hinzu!

MARC

LEADER 00000nam a2200000 4500
001 0231189
005 20240314123305.1
020 |a 978-92-64-26924-8 
041 0 |a eng 
044 |a FR 
245 1 0 |a OECD economic surveys: Portugal 2017  |b february 2017 
264 1 |a Paris  |b OECD  |c 2017 
300 |a 136 s. 
490 1 |a OECD economic surveys 
830 0 |a OECD economic surveys 
610 2 0 |a situácia hospodárska 
610 2 0 |a oživenie 
610 2 0 |a politika fiškálna 
610 2 0 |a stabilita finančná 
610 2 0 |a investície 
610 2 0 |a prostredie podnikateľské 
610 2 0 |a zručnosti 
610 2 0 |a investovanie 
610 2 0 |a vzdelávanie 
610 2 0 |a údaje štatistické 
610 2 0 |a Portugalsko